La tajada del diablo: compendio de subversión posmoderna
Gespeichert in:
| 1. Verfasser: | |
|---|---|
| Format: | Buch |
| Sprache: | Spanisch |
| Veröffentlicht: |
Cuernavaca
Siglo Veintiuno
2005
|
| Ausgabe: | 1a. ed |
| Schlagworte: | |
| Tags: |
Tag hinzufügen
Keine Tags, Fügen Sie den ersten Tag hinzu!
|
MARC
| LEADER | 00000nam a2200000 a 4500 | ||
|---|---|---|---|
| 001 | UCH2661 | ||
| 003 | CL-VaPUC | ||
| 008 | 090618e20050000MX |||||||||||||||||spa|d | ||
| 020 | |a 9682325846 | ||
| 082 | 0 | 4 | |a 149.97 |b MAF |2 21 |
| 100 | |a Maffesoli, Michel |e autor |9 590826 | ||
| 245 | 1 | 3 | |a La tajada del diablo: compendio de subversión posmoderna |
| 250 | |a 1a. ed | ||
| 300 | |a 155 p | ||
| 942 | |c BK | ||
| 945 | |d 20090618 00:00:00 |a dcastane | ||
| 260 | |a Cuernavaca |b Siglo Veintiuno |c 2005 | ||
| 650 | 0 | |a Posmodernismo |9 330532 | |
| 650 | 0 | |a Antropología cultural y social |9 265143 | |
| 650 | 0 | |a Cultura |9 269059 | |
| 650 | 0 | |a Dios |9 266622 | |
| 650 | 0 | |a Mal |9 323721 | |
| 583 | |a last modification |c 20090618 00:00:00 |k Rodrigo Vera | ||
| 999 | |c 334377 |d 334375 | ||
| 952 | |0 0 |1 0 |4 0 |6 149_970000000000000_MAF_2005 |7 0 |8 A |9 423365 |a BIBGIM |b BIBGIM |d 2019-11-22 |i 4736591 |o 149.97 MAF 2005 |p 4736591 |r 2025-01-15 |w 2019-11-22 |y BK |k SSL | ||